Lettres inédites de la princesse des Ursins / (Record no. 156743)

MARC details
000 -LEADER
campo de control de longitud fija 00709nam a2200181 i 4500
001 - NÚMERO DE CONTROL
campo de control 156743
003 - IDENTIFICADOR DE NÚMERO DE CONTROL
campo de control ES-MaACL
005 - FECHA Y HORA DE LA ÚLTIMA TRANSACCIÓN
campo de control 20251003170627.0
008 - DATOS DE LONGITUD FIJA--INFORMACIÓN GENERAL
campo de control de longitud fija 991116s1859 fr |||| | fre d
040 ## - FUENTE DE CATALOGACIÓN
Centro catalogador/agencia de origen CAM
Lengua de catalogación spa
Centro/agencia transcriptor CAM
100 1# - ENTRADA PRINCIPAL--NOMBRE DE PERSONA
Nombre de persona Ursins, Marie-Anne de La Tremoille,
Títulos y otros términos asociados al nombre Pricesse des
9 (RLIN) 128530
245 10 - MENCIÓN DEL TÍTULO
Título Lettres inédites de la princesse des Ursins /
Mención de responsabilidad, etc. recueillies et publiées avec une introduction et des notes par A. Geffroy.
260 ## - PUBLICACIÓN, DISTRIBUCIÓN, ETC.
Lugar de publicación, distribución, etc. Paris :
Nombre del editor, distribuidor, etc. Didier,
Fecha de publicación, distribución, etc. 1859 (
Fabricante Imprimerie de P.-A. Bourdier et c\pie\s)
300 ## - DESCRIPCIÓN FÍSICA
Extensión LXIII, 495 p., [1] h. pleg. ;
Dimensiones 23 cm.
700 1# - ENTRADA AGREGADA--NOMBRE PERSONAL
Nombre de persona Geffroy, Auguste,
Fechas asociadas al nombre 1820-1895
9 (RLIN) 127273
852 ## - LOCALIZACIÓN
Ubicación ES-MaACL
Número de control de estantería C-357
Nota libre -- Enc. hol.
Holdings
Estatus retirado Estado de pérdida Estado de daño No para préstamo Colección Biblioteca de origen Biblioteca actual Ubicación en estantería Fecha de adquisición Fuente de adquisición Total de préstamos Signatura topográfica completa Código de barras Visto por última vez Precio de reemplazo Tipo de ítem Koha
        Libros del s. XIX Biblioteca del Ateneo de Madrid Biblioteca del Ateneo de Madrid Sala Palomar 17/01/2008     C-357 1163989 23/02/2023 23/02/2023 Libro impreso antiguo